000 00425nam a2200169 a 4500
001 0000-8546
003 ELIB.Books
008 110520 1992
035 _a(ELIB.Books)0000-8691
082 _a248
_bWeb
100 _aWebb, Glenda
245 _aThe Upper room Disciplines
260 _bNashville; Upper Room Books
_c1992
650 _aChristian Life
942 _2ddc
_cBK
998 _cbat
_e2011-05-20
999 _c8546
_d8546